Investigaciones biobibliográficas iberoamericanas: época colonial

Saved in:
Bibliographic Details
Main Author: Millares Carlo, Agustín (autor)
Format: Book
Language:Spanish
Published: Ciudad de México, México U.N.A.M 1950
Series:Publicaciones del Instituto de Historia, 17
Subjects:
Tags: Add Tag
No Tags, Be the first to tag this record!

MARC

LEADER 00000nam a2200000 a 4500
001 UCO2854
003 CL-VaPUC
005 20231031100256.0
008 000608e19500000MX |||||||||||||||||spa|d
999 |c 289347  |d 289345 
040 |c Pontificia Universidad Católica de Valparaíso 
082 0 4 |a 012 MIL 1950  |2 21 
100 |a Millares Carlo, Agustín  |e autor  |9 576788 
245 1 0 |a Investigaciones biobibliográficas iberoamericanas:  |b  época colonial 
260 |a Ciudad de México, México  |b U.N.A.M  |c 1950 
300 |a 153 páginas 
490 0 |a Publicaciones del Instituto de Historia,  |v  17 
583 |a last modification  |c 20000608 00:00:00  |k Rodrigo Vera 
650 0 |a Biobibliografías  |9 412305 
650 0 |a Bibliografías   |9 257071 
650 0 |a América colonial  |9 446254 
651 0 |a América  |9 255182 
942 |c BK  |2 ddc 
945 |d 20000608 00:00:00  |a rherrera 
952 |0 0  |1 0  |2 ddc  |4 0  |6 012_000000000000000_MIL_1950  |7 0  |8 A  |9 337679  |a BIBHIS  |b BIBHIS  |d 2019-11-20  |i 128827K  |o 012 MIL 1950  |p 128827K  |r 2025-01-20  |t 1  |w 2019-11-20  |y BK  |k HIS